Monitoring the longer-term impact of choice based lettings (Record no. 106057)

MARC details
000 -LEADER
fixed length control field 01336cam a2200289 4500
001 - CONTROL NUMBER
control field ##L135430
008 - FIXED-LENGTH DATA ELEMENTS--GENERAL INFORMATION
fixed length control field 061026n2006 000 0 eng u
035 ## - SYSTEM CONTROL NUMBER
System control number (Sirsi) u135430
041 0# - LANGUAGE CODE
Language code of text/sound track or separate title eng
050 04 - LIBRARY OF CONGRESS CALL NUMBER
Classification number 306.11 $2 18
110 1# - MAIN ENTRY--CORPORATE NAME
Corporate name or jurisdiction name as entry element United Kingdom
Subordinate unit Department for Communities and Local Government
9 (RLIN) 4939
245 00 - TITLE STATEMENT
Title Monitoring the longer-term impact of choice based lettings
260 ## - PUBLICATION, DISTRIBUTION, ETC.
Place of publication, distribution, etc. London
Name of publisher, distributor, etc. DCLG
Date of publication, distribution, etc. 2006
520 ## - SUMMARY, ETC.
Summary, etc. DCLG's Choice-based Lettings (CBL) programme was introduced as a pilot scheme in 2001. CBL systems are intended to open up the letting of social housing by allowing housing applicants to view details on, choose between and bid for currently available-to-let properties. The report presents findings from two research studies commissioned by ODPM in 2004, focusing on the longer-term impact of CBL.
590 ## - LOCAL NOTE (RLIN)
Local note IKA311006
651 #4 - SUBJECT ADDED ENTRY--GEOGRAPHIC NAME
Geographic name England
Chronological subdivision 886-
651 #4 - SUBJECT ADDED ENTRY--GEOGRAPHIC NAME
Geographic name Scotland
Chronological subdivision 1999-
690 ## - LOCAL SUBJECT ADDED ENTRY--TOPICAL TERM (OCLC, RLIN)
Topical term or geographic name as entry element PROPERTY-RESIDENTIAL PROPERTY-RESIDENTIAL PROPERTY TENURE-LEASEHOLD RESIDENTIAL PROPERTY
700 1# - ADDED ENTRY--PERSONAL NAME
Personal name Pawson, Hal
700 1# - ADDED ENTRY--PERSONAL NAME
Personal name Fancy, Cathie
700 1# - ADDED ENTRY--PERSONAL NAME
Personal name Clegg, Sue
700 1# - ADDED ENTRY--PERSONAL NAME
Personal name Thomas, Andrew
700 1# - ADDED ENTRY--PERSONAL NAME
Personal name Netto, Gina
700 1# - ADDED ENTRY--PERSONAL NAME
Personal name Jones, Colin
856 40 - ELECTRONIC LOCATION AND ACCESS
Uniform Resource Identifier <a href="https://www.communities.gov.uk/index.asp?id=1503598">https://www.communities.gov.uk/index.asp?id=1503598</a>
Public note View the report free of charge at www.communities.gov.uk...
942 ## - ADDED ENTRY ELEMENTS (KOHA)
Suppress in OPAC 0
Holdings
Withdrawn status Lost status Source of classification or shelving scheme Damaged status Not for loan Home library Current library Shelving location Date acquired Total Checkouts Full call number Barcode Date last seen Copy number Price effective from Koha item type
    Dewey Decimal Classification     Virtual Virtual Online 26/10/2006   ONLINE PUBLICATION 135430-2001 06/08/2019 1 06/08/2019 Book